Minecraft Items: Foods Quiz - Statistics

General Stats
  • This quiz has been taken 18 times
  • The average score is 26 of 123
Answer Stats
Food % Correct
Cooked Mutton
100%
6
67%
Cooked Porkchop
53%
Raw Rabbit
53%
Apple
47%
Bread
47%
Mushroom Stew
40%
Raw Mutton
40%
Raw Salmon
40%
Suspicious Stew
40%
Tropical Fish
40%
1
33%
2
33%
2
33%
3
33%
3
33%
4
33%
4
33%
6
33%
6
33%
6
33%
8
33%
Chorus Fruit
33%
Cooked Cod
33%
Cooked Rabbit
33%
Cookie
33%
Honey Bottle
33%
Pufferfish
33%
Raw Beef
33%
Raw Porkchop
33%
Rotten Flesh
33%
1
27%
2
27%
2
27%
2
27%
2
27%
2
27%
2
27%
3
27%
3
27%
4
27%
4
27%
5
27%
5
27%
5
27%
6
27%
6
27%
6
27%
8
27%
8
27%
Beetroot Soup
27%
Cake
27%
Carrot
27%
Cooked Chicken
27%
Cooked Salmon
27%
Enchanted Golden Apple
27%
Glow Berries
27%
Golden Apple
27%
Melon Slice
27%
Poisonous Potato
27%
Pumpkin Pie
27%
Raw Chicken
27%
Raw Cod
27%
Spider Eye
27%
Steak
27%
1
20%
1
20%
1
20%
10
20%
2
20%
2
20%
2
20%
4
20%
5
20%
6
20%
Baked Potato
20%
Dried Kelp
20%
Golden Carrot
20%
Potato
20%
Rabbit Stew
20%
Sweet Berries
20%
0.4
13%
0.4
13%
Beetroot
13%
0.2
7%
0.4
7%
0.4
7%
0.6
7%
1.2
7%
1.2
7%
12
7%
1.2
7%
12.8
7%
12.8
7%
1.8
7%
1.8
7%
2.4
7%
4.8
7%
6
7%
7.2
7%
7.2
7%
7.2
7%
9.6
7%
9.6
7%
0.2
0%
0.4
0%
0.4
0%
0.6
0%
0.8
0%
1.2
0%
1.2
0%
1.2
0%
14.4
0%
1.8
0%
2.4
0%
3.2
0%
3.6
0%
6
0%
6
0%
6
0%
7.2
0%
9.6
0%
9.6
0%
No matching quizzes found
Score Distribution
Percent of People with Each Score
Percentile by Number Answered
Your Score History
You have not taken this quiz